Farm school- the extension tool to increase productivity through improving the rubber tapping system (Record no. 59287)

MARC details
000 -LEADER
fixed length control field 00613nam a2200181Ia 4500
100 ## - MAIN ENTRY--AUTHOR NAME
Personal name Rajeevan B
245 #0 - TITLE STATEMENT
Title Farm school- the extension tool to increase productivity through improving the rubber tapping system
260 ## - PUBLICATION, DISTRIBUTION, ETC. (IMPRINT)
Name of publisher PLACROSYM XIX, 7-10 December 2010, Kottayam. Climate Change. 19th Biennial Symposium on Plantation Crops. Abstracts.pp.201-203.
650 ## - SUBJECT ADDED ENTRY--TOPICAL TERM
Topical Term Farm school
650 ## - SUBJECT ADDED ENTRY--TOPICAL TERM
Topical Term Harvesting technique
650 ## - SUBJECT ADDED ENTRY--TOPICAL TERM
Topical Term Tapper
650 ## - SUBJECT ADDED ENTRY--TOPICAL TERM
Topical Term Tapping standard
650 ## - SUBJECT ADDED ENTRY--TOPICAL TERM
Topical Term Yield
700 ## - ADDED ENTRY--PERSONAL NAME
Personal name Anitha Devi L
700 ## - ADDED ENTRY--PERSONAL NAME
Personal name Nair R B
942 ## - ADDED ENTRY ELEMENTS (KOHA)
Koha item type Journals
Holdings
Withdrawn status Lost status Damaged status Not for loan Home library Current library Date acquired Koha item type
      Journals RRII Library RRII Library 07/02/2011 Journals